| 000 | 00458nam a2200181Ia 4500 | ||
|---|---|---|---|
| 008 | 240925s9999 xx 000 0 und d | ||
| 020 | _a9789332551886 | ||
| 082 | _a658.15224 MAR | ||
| 100 | _aMarshall, John f. | ||
| 245 | 0 | _aFinancial Engineering | |
| 250 | _aNA | ||
| 260 |
_aNew Delhi: _bPearson Education _c,2015. |
||
| 300 |
_axxxii,615p. _b0 _fOriginal |
||
| 500 | _aIncludes Index | ||
| 600 | _aManagement | ||
| 650 | _aManagement | ||
| 942 | _cBK | ||
| 999 |
_c14814 _d14814 |
||